Mystery Taylor Swift Song #8 - Statistics

General Stats
  • This quiz has been taken 2,652 times
    2,453 since last reset
  • The average score is 35 of 104
Answer Stats
Song % Correct
love
88%
I
86%
a
81%
you
80%
the
79%
me
70%
me?
70%
to
67%
and
65%
your
63%
be
60%
my
60%
in
59%
where
58%
is
56%
no
53%
of
52%
I'm
50%
What
49%
don't
48%
all
47%
know
46%
if
45%
It's
43%
but
41%
just
41%
like
41%
life
40%
at
39%
say
39%
'cause
38%
every
38%
I'll
37%
up
36%
one
35%
Single
35%
wanna
35%
back
34%
day
34%
live
34%
night
34%
forever
33%
oh
33%
come
32%
feel
32%
see
32%
thing
31%
Baby
30%
or
30%
Been
29%
eyes
29%
I've
29%
nothing
29%
call
28%
got
28%
home
28%
crazy
27%
'em
27%
keep
27%
Now
27%
lost
26%
name
26%
something
26%
happening
25%
living
25%
mind
25%
open
25%
Give
24%
tell
24%
until
24%
you'd
24%
calling
23%
gave
23%
wide
23%
bullet
22%
sitting
22%
I Don't Wanna Live Forever
21%
these
21%
dodged
20%
place
20%
vain
20%
Wondering
20%
stuck
19%
there's
18%
wherever
18%
(wherever)
18%
fit
17%
(fit
17%
looking
17%
sad
17%
babe)
16%
hoping
16%
places
16%
around
15%
cruel
15%
existence
13%
nicest
13%
empty
12%
faces
12%
point
12%
walls
12%
behind
11%
cab
11%
four
11%
No matching quizzes found
Score Distribution
Percent of People with Each Score
Percentile by Number Answered
Your Score History
You have not taken this quiz since the last reset